|
|
|
|
| LEADER |
00000nas a2200000 a 4500 |
| 001 |
ssj0007881 |
| 003 |
WaSeSS |
| 005 |
20200512172242.0 |
| 006 |
m d |
| 007 |
cr n |
| 008 |
850411c19859999gaumr p s 0 a0eng c |
| 010 |
|
|
|a 91642084
|z sc 88034094
|z sn 85007897
|
| 022 |
|
|
|l 0882-5971
|y 0882-5971
|
| 032 |
|
|
|a 764510
|b USPS
|
| 035 |
|
|
|a (WaSeSS)ssj0007881
|
| 040 |
|
|
|a NSD
|b eng
|c NSD
|d NST
|d FUG
|d DLC
|d NST
|d GUA
|d RBA
|d OCLCQ
|d CUS
|d OCLCF
|d OCLCO
|d OCLCA
|d OCLCQ
|d WaSeSS
|
| 042 |
|
|
|a nsdp
|a pcc
|
| 043 |
|
|
|a n-us-ga
|
| 050 |
0 |
0 |
|a HC107.G4
|b G465
|
| 082 |
0 |
0 |
|a 330.9758/005
|2 20
|
| 210 |
0 |
|
|a Ga. trend
|
| 222 |
|
0 |
|a Georgia trend
|
| 245 |
0 |
0 |
|a Georgia trend
|h [electronic resource].
|
| 246 |
1 |
3 |
|a Georgia trend and Business Atlanta
|f Feb. 1994
|
| 246 |
1 |
3 |
|a Georgia trend and South
|f June 1998
|
| 260 |
|
|
|a Atlanta, GA :
|b Georgia Trend, Inc.,
|c ©1985-
|
| 310 |
|
|
|a Monthly
|
| 362 |
0 |
|
|a Vol. 1, no. 1 (Sept. 1985)-
|
| 500 |
|
|
|a Title from cover.
|
| 500 |
|
|
|a Imprint varies: Atlanta, GA : Grimes Publications, Inc., <Feb.>-Oct. 1992; Norcross, GA : Williams Communications, Nov. 1992- ; Norcross, Ga. : Grimes Publications, Inc., <June 1998->
|
| 506 |
|
|
|a License restrictions may limit access.
|
| 515 |
|
|
|a Publication preceded by issue called: Prototype 1985.
|
| 588 |
|
|
|a Latest issue consulted: Vol. 16, no. 8 (Apr. 2001).
|
| 650 |
|
7 |
|a Commerce.
|2 fast
|0 (OCoLC)fst00869279
|
| 650 |
|
7 |
|a Economic history.
|2 fast
|0 (OCoLC)fst00901974
|
| 651 |
|
0 |
|a Georgia
|x Economic conditions
|v Periodicals.
|
| 651 |
|
0 |
|a Georgia
|x Commerce
|v Periodicals.
|
| 651 |
|
6 |
|a Géorgie (État)
|x Commerce
|v Périodiques.
|
| 651 |
|
6 |
|a Géorgie (État)
|x Conditions économiques
|v Périodiques.
|
| 651 |
|
7 |
|a Georgia.
|2 fast
|0 (OCoLC)fst01204622
|
| 655 |
|
0 |
|a Electronic journals.
|
| 770 |
0 |
|
|t Direct (Marietta, Ga.)
|g Apr. 2001
|w (DLC)sn 97030959
|w (OCoLC)36820773
|
| 780 |
0 |
5 |
|t Business Atlanta
|g Feb. 1994
|x 0192-0855
|w (DLC)sc 88038504
|w (OCoLC)4905261
|
| 780 |
0 |
5 |
|t South (Stone Mountain, Ga.)
|g June 1998
|x 1094-4729
|w (DLC) 97643375
|w (OCoLC)37189665
|
| 850 |
|
|
|a DLC
|a FU
|a GASU
|a GAT
|a GU
|
| 853 |
2 |
0 |
|8 1
|a v.
|b no.
|u 12
|v r
|i (year)
|j (month)
|w m
|x 09
|
| 856 |
4 |
0 |
|z Full text available from Research Library: 01/01/2016 to present
|u https://search.proquest.com/publication/36629
|
| 863 |
4 |
1 |
|8 1.1
|a 1
|b 1
|i 1985
|j 09
|